000 00447nam a2200193Ia 4500
005 20240823041018.0
008 240823s9999||||xx |||||||||||||| ||und||
020 _a978-81-250-5103-9
041 _aENGLISH
082 _A370.92 Q3
100 _aBooker T Washington
245 0 _aUp from Slavery
250 _a1 st
260 _c2013
_bOrient Black
500 _aYES
650 _aup from slavery
_bGeneral
942 _cBK
999 _c204482
_d204482